[Event "IECG CF.2005.0.00075 email"]
[Site "IECG email"]
[Date "2005.10.09"]
[Round "?"]
[White "Rubinstein, Mikhail"]
[Black "Hilton, James"]
[Result "1-0"]
[WhiteElo "1000"]
[BlackElo "1000"]
[PlyCount "29"]
[EventDate "2005.10.09"]
[EventType "tourn (corr)"]
[EventRounds "6"]
[SourceTitle "Corr 2024"]
[Source "ChessBase"]
[SourceDate "2023.10.19"]
[SourceVersion "1"]
[SourceVersionDate "2023.10.19"]
[SourceQuality "1"]

1. e4 e5 2. Nf3 Nf6 3. Nxe5 Qe7 4. d4 Nxe4 5. Bd3 d6 6. Bxe4 dxe5 7. 0-0 Bd7 8. Bxb7 Bc6 9. Bxa8 Bxa8 10. Re1 Nc6 11. d5 Nd4 12. f4 Qc5 13. Rxe5+ Be7 14. Be3 Bxd5 15. Nc3 1-0